| 000 | 00911cam a2200205 a 4500 | ||
|---|---|---|---|
| 999 |
_c6553 _d6553 |
||
| 020 | _a0070622701 | ||
| 020 | _a0070624119 | ||
| 022 | _a9780070622708 | ||
| 050 | 0 | 0 |
_aPE1408 _b.S7716 |
| 100 | 1 | _aStrong, William, | |
| 245 | 1 | 0 |
_aWriting incisively : _bdo-it-yourself prose surgery / _cWilliam Strong. |
| 260 |
_aNew York : _bMcGraw-Hill, _c1991. |
||
| 300 |
_axii, 257 p. : _bill. ; _c23 cm. |
||
| 500 | _aIncludes index. | ||
| 505 | _aIntroduction to prose surgery -- Reading to revise: writing more fully -- Reading to revise: finding logical order -- Reading to revise: tinkering with paragraphs -- Reading to edit: seeing sentence connections -- Reading to edit: trimming flabby sentences -- Reading to edit: correcting sentence errors -- Appendix: generating and drafting strategies. | ||
| 650 | 0 |
_aEnglish language _xRhetoric. |
|
| 650 | 0 | _aReport writing. | |
| 650 | 0 | _aEditing. | |
| 942 | _cBK | ||